THE LIVING THOUGHTS OF KANT (Record no. 94161)

MARC details
000 -LEADER
fixed length control field 00441nam a2200181Ia 4500
008 - FIXED-LENGTH DATA ELEMENTS--GENERAL INFORMATION
fixed length control field 090124s9999 xx 000 0 und d
082 ## - DEWEY DECIMAL CLASSIFICATION NUMBER
Item number 26915
100 ## - MAIN ENTRY--PERSONAL NAME
Personal name BENDA JULIEN
245 ## - TITLE STATEMENT
Title THE LIVING THOUGHTS OF KANT
250 ## - EDITION STATEMENT
Edition statement 1
260 ## - PUBLICATION, DISTRIBUTION, ETC. (IMPRINT)
Name of publisher, distributor, etc CASSELL
Date of publication, distribution, etc 1942
300 ## - PHYSICAL DESCRIPTION
Extent 154
600 ## - SUBJECT ADDED ENTRY--PERSONAL NAME
Personal name BENDA JULIEN
630 ## - SUBJECT ADDED ENTRY--UNIFORM TITLE
Uniform title THE LIVING THOUGHTS OF KANT
700 ## - ADDED ENTRY--PERSONAL NAME
Personal name BENDA JULIEN
730 ## - ADDED ENTRY--UNIFORM TITLE
Uniform title THE LIVING THOUGHTS OF KANT
942 ## - ADDED ENTRY ELEMENTS (KOHA)
Koha item type Book
Holdings
Withdrawn status Lost status Damaged status Not for loan Home library Current library Date acquired Cost, normal purchase price Total Checkouts Full call number Barcode Date last seen Cost, replacement price Price effective from Koha item type
        Nagar Wachan Mandir, Thane Nagar Wachan Mandir, Thane   0.00   26915 THNNWM-26915 01/24/2009 0.00 01/24/2009 Book